Elektronické doručovanie s osobitným zreteľom na fikciu doručenia v civilnom konaní
Elektronické doručovanie v civilnom konaní so zameraním na "konkurenciu" medzi formálne chápanou fikciou doručenia a materiálnou požiadavkou reálnej informovanosti adresáta. Právny rámec elektronického doručovania. Aplikačné problémy a ústavné limity elektronického doručovania: technické prekážky, v...
Guardado en:
| Autor principal: | |
|---|---|
| Formato: | Capítulo de libro |
| Lenguaje: | eslovaco |
| Materias: | |
| Etiquetas: |
Sin Etiquetas, Sea el primero en etiquetar este registro!
|
MARC
| LEADER | 00000naa a2200000 4500 | ||
|---|---|---|---|
| 001 | 0313681 | ||
| 005 | 20251217105619.2 | ||
| 041 | 0 | |a slo | |
| 044 | |a SK | ||
| 245 | 1 | 0 | |a Elektronické doručovanie s osobitným zreteľom na fikciu doručenia v civilnom konaní |c Dalibor Vyhnálik |
| 520 | |a Elektronické doručovanie v civilnom konaní so zameraním na "konkurenciu" medzi formálne chápanou fikciou doručenia a materiálnou požiadavkou reálnej informovanosti adresáta. Právny rámec elektronického doručovania. Aplikačné problémy a ústavné limity elektronického doručovania: technické prekážky, výpadky a ich právne dôsledky. Procesná zodpovednosť adresáta - "elektronická schránka ako nová poštová schránka". Nahliadnutie do (elektronického) spisu a odopretie prevzatia dokumentu z elektronickej schránky. | ||
| 610 | 2 | 0 | |a doručovanie písomností |
| 610 | 2 | 0 | |a pošta elektronická |
| 610 | 2 | 0 | |a dáta |
| 610 | 2 | 0 | |a informácie |
| 610 | 2 | 0 | |a zásielky poštové |
| 610 | 2 | 0 | |a komunikácia elektronická |
| 610 | 2 | 0 | |a súdy |
| 100 | 1 | |a Vyhnálik, Dalibor | |